Československá novinářská fotografie
| Main Author: | |
|---|---|
| Format: | Book |
| Language: | Czech English German French Spanish |
| PhysicalDescription: | 192 s. fotogr. (prevažne čiernobiele) 27 cm |
| Published: |
Praha
Československý svaz novinářů
1989
|
| Subjects: |
MARC
| LEADER | 00000nam a2200000 a 4500 | ||
|---|---|---|---|
| 001 | vtls010311197 | ||
| 003 | SK-MaSNL | ||
| 005 | 20260311144334.0 | ||
| 008 | 250428s1989 xr o f 000 0 cze | ||
| 020 | |q (brož.) | ||
| 035 | |a F74F501F-C341-40AC-9DEE-146EF2B53C10 | ||
| 035 | |a urn:nbn:sk:snk-amycru | ||
| 035 | |a urn:nbn:sk:snk-am00ci6p | ||
| 040 | |a SNK |b slo |c SNK |e AACR2 | ||
| 041 | 0 | |a cze |b rus |a eng |a ger |a fre |a spa | |
| 044 | |a xr |c CZ | ||
| 072 | 7 | |a 77 |x Fotografia. Fotografické postupy |2 konspekt | |
| 080 | |a 77.04 |2 2001 | ||
| 080 | |a (437) |2 2001 | ||
| 080 | |a (084.11) |2 2001 | ||
| 100 | 1 | |a Šolc, Ladislav |4 aut |9 702437 | |
| 245 | 1 | 0 | |a Československá novinářská fotografie |c [zpracoval a texty k fotografiím napsal Ladislav Šolc] |
| 260 | |a Praha |b Československý svaz novinářů |c 1989 | ||
| 300 | |a 192 s. |b fotogr. (prevažne čiernobiele) |c 27 cm | ||
| 500 | |a Názov z obalu | ||
| 546 | |a Res. rus., nem., angl., špan., franc. | ||
| 648 | 7 | |a 1918-1989 |2 SNKPH |9 300601 | |
| 650 | 0 | 7 | |a novinárska fotografia |2 SNKPH |9 212870 |
| 651 | 7 | |a Československo |2 SNKPHgeo |9 21376 | |
| 655 | 7 | |a obrazové publikácie |2 SNKPH |9 70343 | |
| 958 | |a EUIPO | ||
| 958 | |a OND | ||
| 999 | |c 1093440 |d 1095370 | ||
| 952 | |a SNK |b SNK |y PREZ |7 0 |p 17A0717941 |o snkSB 81971 |i snk2011/19103 |8 3 |g 12.00 |0 0 |1 0 |4 0 |d 2011-09-14 |f 1 |l 0 |r 2025-05-06 00:00:00 |w 2026-02-24 | ||


